Paroles - Recommence-moi (Version Star Academy 2024-2025) - Statistiques

Statistiques générales
  • Ce quiz a été pris 242 fois
  • Le résultat moyen est 181 sur 250
Statistiques - réponses
Paroles % Correct
mmh
97%
oh
96%
(Ouh-ouh)
91%
(ouh-ouh)
91%
de
87%
le
86%
si
86%
au
84%
tout
84%
Tout
84%
danse
82%
Et
82%
et
82%
(et
82%
pas
82%
(pas
82%
du
81%
Je
81%
je
81%
Recommence-moi
81%
Pour
80%
que
80%
tourne
80%
autour
79%
ne
79%
s'il
79%
recommencer
78%
chanter
76%
en
76%
les
76%
moi
76%
moi)
76%
nous
76%
plus
76%
reste
76%
rien
76%
te
76%
Un
76%
silence
75%
quelques
73%
comme
71%
autres
69%
autres)
69%
Deux
69%
la
69%
69%
Trois
69%
une
69%
sortir
68%
sur
68%
tu
68%
Tu
68%
ce
67%
saison
66%
toi
66%
(toi
66%
Toi
66%
monde
65%
mes
64%
sera
64%
J'aimerais
62%
bord
61%
notre
61%
temps
61%
promets
60%
secondes
60%
change
59%
compter
58%
J'irai
58%
peux
58%
Même
56%
même
56%
danseras
55%
paupières
48%
serai
46%
on
44%
(on
44%
remettrai
44%
sourirai
44%
l'ombre
41%
tombes
41%
recommencera
39%
recommencera)
39%
(recommencera)
39%
lumières
38%
avant
32%
juste
31%
Aucun quiz correspondant
Distribution des résultats
% des personnes avec chaque résultat
Percentile par nombre de réponses
Votre historique - résultats
Vous n’avez pas pris ce quiz